000 00321nam a2200133Ia 4500
005 20251222143152.0
008 251222s9999||||xx |||||||||||||| ||spa||
020 _a978-958-8675-53-4
082 _a635.9/R61
100 _aRimache Artica, Mijail
245 0 _aFloricultura:
264 _bEdiciones de la U
942 _cLIB
999 _c12740
_d12740